Statistics for Countries by Wikipedia Descriptions #1

Click here to take the quiz!

General Stats

  • This quiz has been taken 15,489 times
    (15,486 since last reset)
  • The average score is 14 of 20

Answer Stats

Hint Answer % Correct
East of Australia across the Tasman SeaNew Zealand
95%
Reunified on 3 October 1990Germany
90%
Disputes sovereignty over the Falkland Islands (Spanish: Islas Malvinas)Argentina
89%
The region between the Tigris and Euphrates rivers, historically known as MesopotamiaIraq
86%
Its official name is the Hellenic RepublicGreece
85%
The archipelago was inhabited by Homo erectus, known as "Java Man", between
1.5 million years ago and 35,000 years ago
Indonesia
83%
Mountainous and densely forested in the northeast, where Mount Kilimanjaro is locatedTanzania
80%
The second half of the 20th century was marked by rising tensions between the Dutch-speaking
and the French-speaking citizens
Belgium
78%
Often referred to as the "Giant of Africa", owing to its large population and economyNigeria
78%
The ninth-largest country and largest landlocked country in the worldKazakhstan
72%
The Kingdom of Kush was an ancient Nubian state centered on the confluences of
the Blue Nile and White Nile
Sudan
72%
Follows Songun, or "military-first" policyNorth Korea
68%
Fought the Soviet Union in the Winter War of 1939–1940Finland
68%
Sinhalese: ශ්‍රී ලංකා; Tamil: இலங்கைSri Lanka
67%
Also claims all Guyanese territory west of the Essequibo RiverVenezuela
59%
The only nation in the world established as a result of a successful slave revoltHaiti
52%
An ecclesiastical or sacerdotal-monarchical state (a type of theocracy)Vatican City
49%
Has the world's largest concentration of African elephantsBotswana
47%
The 1983–85 famine affected around eight million people, resulting in one million deadEthiopia
44%
Three stable kingdoms emerged there at the end of the Bronze Age: Ammon, Moab and EdomJordan
33%

Score Distribution

Percentile by Number Answered

Percent of People with Each Score

Your Score History

You have not taken this quiz since the last reset